Pokémon - Attacken von Kapilz in KA/PU - Statistiken

Allgemein
  • Dieses Quiz wurde 3 mal gespielt
  • Das Durchschnittsergebnis liegt bei 28 aus 69
Antwortstatistiken
Antwort % Korrekt
Giftpuder
100%
Nahkampf
100%
Tackle
100%
Toxin
100%
Ableithieb
67%
Absorber
67%
Aero-Ass
67%
Blättersturm
67%
Dampfwalze
67%
Delegator
67%
Egelsamen
67%
Fokusstoß
67%
Gifthieb
67%
Gigasauger
67%
Hyperstrahl
67%
Konter
67%
Megasauger
67%
Pilzspore
67%
Power-Punch
67%
Samenbomben
67%
Schutzschild
67%
Solarstrahl
67%
Sonnentag
67%
Tempohieb
67%
Ausdauer
33%
Bodycheck
33%
Bodyslam
33%
Charme
33%
Donnerschlag
33%
Durchbruch
33%
Energieball
33%
Erholung
33%
Fassade
33%
Felsgrab
33%
Fußkick
33%
Fußtritt
33%
Gigastoß
33%
Grasfeld
33%
Kopfnuss
33%
Kraftwelle
33%
Kugelsaat
33%
Lehmschelle
33%
Lehmschuss
33%
Protzer
33%
Regentanz
33%
Schaufler
33%
Schlafrede
33%
Schwerttanz
33%
Stachelspore
33%
Steinhagel
33%
Steinkante
33%
Sternschauer
33%
Strauchler
33%
Tera-Ausbruch
33%
Trugträne
33%
Wachstum
33%
Zen-Kopfstoß
33%
Anspringen
0%
Gegenschlag
0%
Giftschock
0%
Matschbombe
0%
Mülltreffer
0%
Offenlegung
0%
Rechte Hand
0%
Schleuder
0%
Sorgensamen
0%
Trugschlag
0%
Wuchtschlag
0%
Zauberblatt
0%
Keine übereinstimmenden Quizze gefunden
Verteilung der Resultate
Anzahl Personen mit jedem Resultat
Perzentil nach korrekt beantworteten Fragen
Ihre Resultats-Entwicklung
Sie haben dieses Quiz noch nicht gespielt